000 00329nam a2200121Ia 4500
003 GCL
008 140319s9999 xx 000 0 ara d
040 _aGCL /
_cGCL
082 0 4 _aد
_b050
245 1 0 _aمن نافذة العقل: الم وطب وادب وحب ( اقر 101 )
300 _a158 ص
490 _aوثائق ونصوص
_v0
999 _c27381
_d27381